00612nam a2200217Ia 4500008004000000041000800040082001200048100001700060245003800077260005600115650000800171650001000179650000800189650001000197650000800207650001400215690001900229906001100248999001900259952011600278210210b1953 xxu||||| |||| 00| 0 eng d aeng a954/503 aWOODRUFF (P) aMen who ruled India II: guardians aLondonbJonathan Cape Thirty Bedford Square.,c1953 awho aruled aMen aIndia aII: aguardians aIndian History a026261 c153317d153317 001040708HistoryaALbALcHistoryd2021-02-17g0.00l0o954/503p026261r2021-02-17 00:00:00w2021-02-17yBK